00453nam a22001457a 4500003000500000005001700005008004100022020002000063082001200083100002600095245011800121260004200239300001200281563001400293NUST20260209092001.0260209b ||||| |||| 00| 0 eng d a 978-9695623732 a891.439 aMalik, Nadeem Shafiq. aAllama Iqbal /bAs Reported in the Police Abstract of Intelligence, Punjab (1904–1935) /cMalik, Nadeem Shafiq. aLahore:bFiction House Lahore,c2015. a208 p ; aHardcover